01391cam a22003617a 4500003000500000005001700005008004100022010001000063011001000073020001500083035001000098040000900108082002200117100003100139245008700170260010300257300002800360500001400388590004100402590004100443590004100484590004200525650002900567650002900596700002800625711009400653901000700747905002300754942001000777949008300787999001700870952014200887CHAP20220329141838.0971208d1990 nl ab r 10110 eng d a74711 a75683 a9290810467 a85251 cCHAP04a636.0882bT7 v.2700aStarkey, Pauleed.910948810aAnimal traction for agricultural developmentc/ ed. by Paul Startey and Adama Faye0 aEde-Wageningen, The Netherlands :bTechnical Centre for Agricultural and Rural Cooperation,c1990. a475 h. :bilus. ; mapas aFotocopia aBATCH-UPDb10c20130110lUCH01h0513 aBATCH-UPDb10c20130410lUCH01h0151 aBATCH-UPDb10c20130914lUCH01h0336 aCONVERSIONb10c20130109lUCH01h134114aAnimales de carga.9587814aEnergía animal.9368890 aFaye, Adamaeed.9398800 aWorkshop of the West Africa Animal Traction Networkn(3 :d1988 :cSaly, Senegal)9122651 aBK aLilia Sánchez G. cLIBRO a636.0882 T7 v.27bBCcLIBROd33724000582029eLIBROh92585i85251kDonaciØnsb c74711d74711 00102ddc4052708GRALaBCbBCcPP_GRALd2019-12-31fLIBROl0o636.0882 T7 v.27p33724000582029r2019-12-31 00:00:00w2019-12-31yLIBRO